| 000 | 04434cam a22006974i 4500 | ||
|---|---|---|---|
| 003 | PE-LiUPU | ||
| 005 | 20250731165521.0 | ||
| 008 | 150623s r 000 0 d | ||
| 035 | _a(Sirsi) a27630 | ||
| 035 | _a(Sirsi) a27630 | ||
| 040 |
_aPE-LiUPU _bspa _cPE-LiUPU _erda |
||
| 082 | 0 | 4 |
_a286.732 _bN545 _221 |
| 100 | 1 |
_aFrancis D. Nichol, _eed., _eautor. |
|
| 245 | 1 | 4 |
_aThe Seventh-day Adventist Bible commentary : _bMatthew to John. _n5 / _cFrancis D. Nichol, Raymond F. Cottrell, Don F. Neufeld, Julia Neuffer. |
| 264 | 1 |
_aWashington : _bReview and Herald Publishing Association, _c1980. |
|
| 300 |
_a1152 páginas : _bilustraciones mapas, cuadros, tablas ; _c23 cm. |
||
| 336 |
_atext _2rdacontent |
||
| 337 |
_aunmediated _2rdamedia |
||
| 338 |
_avolume _2rdacarrier |
||
| 505 | 0 | _aGeneral articles, Commentary. -Supplementary material. -Tables Illustrations. -Maps. Comentarios de los libros de la Biblia de Mateo a Juan. | |
| 526 | _aSEG44 | ||
| 526 | _aSEG26 | ||
| 526 | _aP151 | ||
| 526 | _aP150 | ||
| 526 | _aP149 | ||
| 526 | _aP146 | ||
| 526 | _aP145 | ||
| 526 | _aP126 | ||
| 526 | _aP125 | ||
| 526 | _aP92 | ||
| 526 | _aP75 | ||
| 526 | _aP74 | ||
| 526 | _aP27 | ||
| 526 | _aP15 | ||
| 541 | _g001-0000601; | ||
| 630 |
_aBiblia. _pN.T. _pMateo-Juan _xComentarios. |
||
| 700 | 1 |
_aRaymond F. Cottrell, _eed. |
|
| 700 | 1 |
_aDon F. Neufeld, _eed |
|
| 700 | 1 |
_aJulia Neuffer, _eed. |
|
| 942 |
_2ddc _cBOOK |
||
| 949 |
_aRC 286.732 N54 5 _wDEWEY _c1 _i02457 _lCCODEBUL1 _mBUL _r0 _sY _tBOOK _u2015-6-24 _xTEOLOGIA _PP35 _0COMPRA _o.CIRCNOTE. No olvidar cambiar la fecha de devolución!!!!!!! _o.STAFF. Colección General |
||
| 949 |
_aRC 286.732 N54 5 _wDEWEY _c2 _i12638 _lCCODEBUL1 _mBUL _r0 _sY _tBOOK _u2015-6-24 _xTEOLOGIA _PP35 _0COMPRA _o.CIRCNOTE. No olvidar cambiar la fecha de devolución!!!!!!! _o.STAFF. Colección General |
||
| 949 |
_aRC 286.732 N54 5 _wDEWEY _c3 _i21842 _lCCODEBUL1 _mBUL _r0 _sY _tBOOK _u2015-6-24 _xTEOLOGIA _PP35 _0COMPRA _o.CIRCNOTE. No olvidar cambiar la fecha de devolución!!!!!!! _o.STAFF. Colección General |
||
| 949 |
_aRC 286.732 N54 5 _wDEWEY _c4 _i41756 _lCCODEBUL1 _mBUL _r0 _sY _tBOOK _u2015-6-24 _xTEOLOGIA _PP35 _0COMPRA _o.CIRCNOTE. No olvidar cambiar la fecha de devolución!!!!!!! _o.STAFF. Colección General |
||
| 949 |
_aRC 286.732 N54 5 _wDEWEY _c5 _i52928 _lCCODEBUL1 _mBUL _p45.00 _r0 _sY _tBOOK _u2015-6-24 _xTEOLOGIA _PP35 _0COMPRA _o.CIRCNOTE. No olvidar cambiar la fecha de devolución!!!!!!! _o.STAFF. Colección General |
||
| 949 |
_aRC 286.732 N54 5 _wDEWEY _c6 _i65727 _lRC _mBUL _p46.00 _r0 _sY _tBOOK _u2015-6-24 _xTEOLOGIA _PP35 _0COMPRA _o.CIRCNOTE. No olvidar cambiar la fecha de devolución!!!!!!! _o.STAFF. Colección General |
||
| 994 |
_aC0 _bPEPRU |
||
| 596 | _a1 4 | ||
| 999 |
_aRC 286.732 N54 5 _wDEWEY _c34790 _i02457 _f2021-11-8 _g6 _lCCODEBUL1 _mBUL _r1 _sY _tBOOK _u2015-6-24 _xTEOLOGIA _PP35 _0COMPRA _o.CIRCNOTE. No olvidar cambiar la fecha de devolución!!!!!!! _o.STAFF. Colección General _d34790 |
||
| 999 |
_aRC 286.732 N54 5 _wDEWEY _c2 _i12638 _f2021-11-8 _g6 _lCCODEBUL1 _mBUL _r1 _sY _tBOOK _u2015-6-24 _xTEOLOGIA _PP35 _0COMPRA _o.CIRCNOTE. No olvidar cambiar la fecha de devolución!!!!!!! _o.STAFF. Colección General |
||
| 999 |
_aRC 286.732 N54 5 _wDEWEY _c3 _i21842 _f2021-11-8 _g6 _lCCODEBUL1 _mBUL _r1 _sY _tBOOK _u2015-6-24 _xTEOLOGIA _PP35 _0COMPRA _o.CIRCNOTE. No olvidar cambiar la fecha de devolución!!!!!!! _o.STAFF. Colección General |
||
| 999 |
_aRC 286.732 N54 5 _wDEWEY _c4 _i41756 _f2021-11-8 _g6 _lCCODEBUL1 _mBUL _r1 _sY _tBOOK _u2015-6-24 _xTEOLOGIA _PP35 _0COMPRA _o.CIRCNOTE. No olvidar cambiar la fecha de devolución!!!!!!! _o.STAFF. Colección General |
||
| 999 |
_aRC 286.732 N54 5 _wDEWEY _c5 _i52928 _f2021-11-8 _g6 _lCCODEBUL1 _mBUL _p45.00 _r1 _sY _tBOOK _u2015-6-24 _xTEOLOGIA _PP35 _0COMPRA _o.CIRCNOTE. No olvidar cambiar la fecha de devolución!!!!!!! _o.STAFF. Colección General |
||
| 999 |
_aRC 286.732 N54 5 _wDEWEY _c6 _i65727 _f2021-11-8 _g6 _lCCODEBUL1 _mBUL _p46.00 _r1 _sY _tBOOK _u2015-6-24 _xTEOLOGIA _PP35 _0COMPRA _o.CIRCNOTE. No olvidar cambiar la fecha de devolución!!!!!!! _o.STAFF. Colección General |
||
| 999 |
_a 286.732 N54 V5 _wDEWEY _c1 _iCW01452 _f2021-12-22 _g1 _lCCODECWL1 _mBWL _p20.00 _r0 _sY _tBOOK _u2019-3-12 _xWHITE _zUNKNOWN _0COMPRA _o.STAFF. Centro White |
||
| 980 |
_81 _gALBERTO SANCHEZ Responsable de Automatización |
||